ბათუმის შოთა რუსთაველის სახელმწიფო უნივერსიტეტის ბიბლიოთეკა

Basic otorhinolaryngology : (ბიბ.ჩანაწერი № 57479)

000 -LEADER
fixed length control field 00994cam a22002658i 4500
001 - CONTROL NUMBER
control field 19648396
005 - DATE AND TIME OF LATEST TRANSACTION
control field 20211122114728.0
008 - FIXED-LENGTH DATA ELEMENTS--GENERAL INFORMATION
fixed length control field 170515s2018 gw b 001 0 eng
010 ## - LIBRARY OF CONGRESS CONTROL NUMBER
LC control number 2017023685
020 ## - INTERNATIONAL STANDARD BOOK NUMBER
Canceled/invalid ISBN 9783131324429
035 ## - SYSTEM CONTROL NUMBER
System control number (DNLM)101705762
040 ## - CATALOGING SOURCE
Original cataloging agency DNLM/DLC
Description conventions rda
Transcribing agency DLC
Modifying agency DLC
041 ## - LANGUAGE CODE
Language code of text/sound track or separate title eng
080 ## - UNIVERSAL DECIMAL CLASSIFICATION NUMBER
Universal Decimal Classification number 616.21 R-66
100 1# - MAIN ENTRY--PERSONAL NAME
Personal name Probst, Rudolf
9 (RLIN) 8785
245 10 - TITLE STATEMENT
Title Basic otorhinolaryngology :
Remainder of title a step-by-step learning guide /
Statement of responsibility, etc. Rudolf Probst, Gerhard Grevers, Heinrich Iro ; with contributions by Frank Rosanowski, Ulrich Eysholdt, Frank Waldfahrer.
250 ## - EDITION STATEMENT
Edition statement 2nd edition.
264 #1 - PRODUCTION, PUBLICATION, DISTRIBUTION, MANUFACTURE, AND COPYRIGHT NOTICE
Place of production, publication, distribution, manufacture Stuttgart ;
-- New York :
Name of producer, publisher, distributor, manufacturer Thieme,
Date of production, publication, distribution, manufacture, or copyright notice 2018.
300 ## - PHYSICAL DESCRIPTION
Extent 422 p. ;
Dimensions 25 cm.
653 ## - INDEX TERM--UNCONTROLLED
keyword ოტორინოლარინგოლოგიური დაავადებები
653 ## - INDEX TERM--UNCONTROLLED
keyword მედიცინა
700 1# - ADDED ENTRY--PERSONAL NAME
Personal name Grevers, Gerhard,
Relator term ავტორი
9 (RLIN) 8787
700 1# - ADDED ENTRY--PERSONAL NAME
Personal name Iro, H.
Fuller form of name (Heinrich),
Relator term ავტორი
9 (RLIN) 8788
942 ## - ADDED ENTRY ELEMENTS (KOHA)
Source of classification or shelving scheme
Koha item type წიგნი
ეგზემპლარები
Withdrawn status Lost status Source of classification or shelving scheme Damaged status Not for loan Permanent Location Current Location Shelving location Date acquired Cost, normal purchase price Full call number Barcode Date last seen Copy number Price effective from Koha item type Public note
          ბათუმის შოთა რუსთაველის სახელმწიფო უნივერსიტეტის მთავარი ბიბლიოთეკა ბათუმის შოთა რუსთაველის სახელმწიფო უნივერსიტეტის მთავარი ბიბლიოთეკა წიგნსაცავი 2020-06-25 258.00 616.21 P-93 60677 2020-06-25 60677 2020-06-25 წიგნი 258 ლ.